Science Quiz

Random Science or Elements Quiz

Chemical elements in Russian Quiz Stats

Quiz not verified by Sporcle

Challenge
Share
Tweet
Embed
Score 0/118 Timer 20:00
0 Plays Today
Russian name Chemical element % Correct
АргонArgon
92.6%
АлюминийAluminium
87.4%
КобальтCobalt
76.8%
БарийBarium
75.8%
АктинийActinium
74.7%
КриптонKrypton
74.7%
БорBoron
73.7%
НеонNeon
73.7%
АмерицийAmericium
72.6%
КалифорнийCalifornium
71.6%
БромBromine
70.5%
ГерманийGermanium
70.5%
КадмийCadmium
70.5%
МагнийMagnesium
70.5%
PадонRadon
70.5%
ТитанTitanium
70.5%
БериллийBeryllium
69.5%
ФосфорPhosphorus
69.5%
ИодIodine
69.5%
НептунийNeptunium
69.5%
НикельNickel
69.5%
ПлутонийPlutonium
68.4%
PубидийRubidium
68.4%
ФранцийFrancium
67.4%
ИндийIndium
67.4%
ХлорChlorine
67.4%
ПлатинаPlatinum
67.4%
PадийRadium
67.4%
АстатAstatine
66.3%
ИридийIridium
66.3%
ПалладийPalladium
66.3%
ПолонийPolonium
66.3%
ЭйнштейнийEinsteinium
65.3%
ГаллийGallium
65.3%
ХромChromium
65.3%
КсенонXenon
65.3%
УранUranium
65.3%
ФермийFermium
64.2%
СеленSelenium
64.2%
ЛитийLithium
63.2%
Russian name Chemical element % Correct
СтронцийStrontium
63.2%
ЦинкZinc
63.2%
КальцийCalcium
62.1%
МенделевийMendelevium
62.1%
НобелийNobelium
62.1%
ОсмийOsmium
62.1%
СкандийScandium
62.1%
ВанадийVanadium
61.1%
ЭрбийErbium
60%
ИттербийYtterbium
60%
СамарийSamarium
60%
PодийRhodium
58.9%
ИттрийYttrium
57.9%
ДубнийDubnium
56.8%
ВисмутBismuth
56.8%
БерклийBerkelium
55.8%
ГадолинийGadolinium
55.8%
ЛоуренсийLawrencium
55.8%
НиобийNiobium
55.8%
ПрометийPromethium
55.8%
PутенийRuthenium
55.8%
ТеллурTellurium
55.8%
ЦирконийZirconium
55.8%
КоперницийCopernicium
54.7%
МолибденMolybdenum
54.7%
PезерфордийRutherfordium
54.7%
МарганецManganese
53.7%
ТербийTerbium
53.7%
ДармштадтийDarmstadtium
52.6%
ПротактинийProtactinium
52.6%
ЛантанLanthanum
51.6%
ТехнецийTechnetium
51.6%
УнунпентийUnunpentium
51.6%
КюрийCurium
50.5%
МейтнерийMeitnerium
50.5%
СиборгийSeaborgium
50.5%
ТанталTantalum
50.5%
УнунсептийUnunseptium
50.5%
УнунтрийUnuntrium
50.5%
ДиспрозийDysprosium
49.5%
Russian name Chemical element % Correct
УнуноктийUnunoctium
48.4%
ЕвропийEuropium
48.4%
НатрийSodium
47.4%
PентгенийRoentgenium
47.4%
ТаллийThallium
47.4%
НеодимNeodymium
46.3%
PенийRhenium
46.3%
ЛютецийLutetium
45.3%
ВольфрамTungsten
45.3%
ГафнийHafnium
44.2%
ТорийThorium
44.2%
ПразеодимPraseodymium
43.2%
ГелийHelium
42.1%
ТулийThulium
41.1%
ЦерийCerium
38.9%
УнунгексийUnunhexium
37.9%
ЗолотоGold
37.9%
ХассийHassium
36.8%
УнунквадийUnunquadium
36.8%
АзотNitrogen
35.8%
БорийBohrium
35.8%
ФторFluorine
34.7%
ГольмийHolmium
34.7%
КалийPotassium
31.6%
КислородOxygen
31.6%
СереброSilver
31.6%
ЦезийCaesium
30.5%
ВодородHydrogen
28.4%
ЖелезоIron
28.4%
МедьCopper
25.3%
СвинецLead
25.3%
ОловоTin
24.2%
УглеродCarbon
24.2%
PтутьMercury
22.1%
МышьякArsenic
20%
КремнийSilicon
18.9%
СераSulfur
18.9%
СурьмаAntimony
17.9%

You're not logged in!

Compare scores with friends on all Sporcle quizzes.
Sign Up with Email
OR
Log In

You Might Also Like...

Show Comments

Extras

Top Quizzes Today


Score Distribution

Your Account Isn't Verified!

In order to create a playlist on Sporcle, you need to verify the email address you used during registration. Go to your Sporcle Settings to finish the process.

Report this User

Report this user for behavior that violates our Community Guidelines.

Details: